Statistics for Mediterranean Countries: No Vowels.

Click here to take the quiz!

General Stats

  • This quiz has been taken 51 times
  • The average score is 20 of 21

Answer Stats

HintAnswer% Correct
GRCGreece
100%
LBNNLebanon
100%
SPNSpain
100%
SYRSyria
100%
TNSTunisia
100%
BSN N HRZGVNBosnia & Herzegovina
98%
CYPRSCyprus
98%
GYPTEgypt
98%
FRNCFrance
98%
LBYLibya
98%
MLTMalta
98%
MNTNGRMontenegro
98%
MRCCMorocco
98%
SLVNSlovenia
98%
TRKYTurkey
98%
CRTCroatia
95%
TLYItaly
95%
MNCMonaco
95%
LGRAlgeria
93%
LBNAlbania
86%
SRLIsrael
84%

Score Distribution

Percentile by Number Answered

Percent of People with Each Score

Your Score History

You have not taken this quiz